000 00600cam a2200205 4500
001 sa 68019595
003 DLC
005 20260227112718.0
008 720413s1967 pk 000 0 eng
010 _asa 68019595
025 _aPL480:EP-E-481
040 _aDLC
_cDLC
_dDLC
050 0 0 _aPK1651.C4
_bA6 1967
110 2 _aCentral Board for Development of Bengali (East Pakistan, Pakistan)
245 1 0 _aResolution and bye-rules, June, 1967.
260 _aDacca
_c[1967?]
300 _a39 p.
_c24 cm.
500 _a"Issued by Muhammad Enamul Haq."
700 1 _aHaq, Muhammad Enamul,
_d1906-1982.
999 _c88980
_d88980